000 00432nam a22001697a 4500
005 20260204093344.0
008 260204b |||||||| |||| 00| 0 eng d
022 _a978-93-534-3277-5
100 _aMUNKRES, JAMES R.
245 _aTOPOLOGY
250 _a2ND UPDATED ED
260 _aUTTAR PRADESH, INDIA
_bPEARSON EDUCATION
_c2022
300 _aXVI, 537P.
500 _aINCLUDES INDEX
650 _aTOPOLOGY
942 _2lcc
_cBK
999 _c216529
_d216529